| 000 | 02097cam a2200289 i 4500 | ||
|---|---|---|---|
| 003 | DO-SdBNP | ||
| 005 | 20240625154247.0 | ||
| 007 | ta | ||
| 008 | 240625s2009 sp ao 001 f spa d | ||
| 020 | _a9788496840447 | ||
| 040 |
_aDO-SdBNP _cspa _dBNPHU _erda |
||
| 082 |
_bZ39 _222 |
||
| 100 |
_aZavala, José María _d1962- _eautor _985809 |
||
| 245 | 1 | 3 |
_aFranco, el republicano : _bla vida secreta de Ramón Franco, el hermano maldito del caudillo / _cJosé María Zavala |
| 264 | 1 |
_aBarcelona, España : _bAltera, _c2009. |
|
| 300 |
_a367 páginas _bilustraciones, fotografías _c24 cm. |
||
| 336 |
_2rdacontent _atexto _btxt |
||
| 337 |
_2rdamedia _asin mediación _bn |
||
| 338 |
_2rdacarrier _avolumen _bnc |
||
| 500 | _aIncluye datos biografícos de la autora en la solapa de la portada. | ||
| 500 | _aIncluye índice onomástico. | ||
| 504 | _aBibliografía p: 353-357. | ||
| 520 | _aRamón Franco, nacido cuatro años después que su hermano Francisco, también ingresó en el Ejército y fue destinado a Marruecos. En 1920, sus caminos se separan: Ramón se convierte en piloto militar. Mientras Francisco se hace conocido para los españoles gracias a sus victorias militares y su jefatura de la Legión, Ramón realiza otras proezas: en 1926, junto con otros tres militares, cubrió en el hidroavión Plus Ultra los más de 10.000 kilómetros que separaban Palos de la Frontera de Buenos Aires. A partir de entonces, Ramón entra en un torbellino político y se une a las conspiraciones contra Alfonso XIII. En diciembre de 1930, a la vez que en Jaca se subleva la guarnición, él subleva el aeródromo de Cuatro Vientos y se dirige a bombardear el Palacio Real. Ante el fracaso del golpe, huye al extranjero. Al proclamarse la República, es elegido diputado en las listas de Esquerra Republicana de Catalunya. Cuando estalla la guerra, se une a las fuerzas que manda su hermano. Muere en 1938, en una misión de bombardeo cuando se estrella su avión. ¿Accidente?, ¿venganza masónica? | ||
| 590 | _aInventariado, 2024/ YL | ||
| 910 | _aYLockward | ||
| 942 |
_2ddc _cLBS1 |
||
| 999 |
_c56987 _d56987 |
||